Animal Crossing - Personnages spéciaux #1 - Statistiques

Statistiques générales
  • Ce quiz a été pris 86 fois
  • Le résultat moyen est 10 sur 16
Statistiques - réponses
Par images Réponse % Correct
Tom Nook
100%
Marie
99%
Thibou
88%
Gulliver
77%
Tortimer
77%
Amiral
72%
Pascal
71%
Charly
64%
Astrid
61%
Risette
57%
Carla
55%
Ciboulot
55%
Morris
52%
Antoine
49%
Blanca
41%
Morsicus
28%
Aucun quiz correspondant
Distribution des résultats
% des personnes avec chaque résultat
Percentile par nombre de réponses
Votre historique - résultats
Vous n’avez pas pris ce quiz